| 000 | 00576nam a2200181 i 4500 | ||
|---|---|---|---|
| 001 | 52873 | ||
| 003 | ES-MaACL | ||
| 005 | 20240310062954.0 | ||
| 007 | t| | ||
| 008 | 030905q1970 sp ||||1| spa d | ||
| 100 | 0 |
_aDeighton, Len, _d1929- _943255 |
|
| 245 | 1 | 3 |
_aUn cerebro de un billón de dólares / _cLen Deighton ; [traducción de Ramón Margalef Llambrich]. |
| 260 |
_a[Barcelona] : _bAymá, _c[1970?] |
||
| 300 |
_a237 p. ; _c20 cm. |
||
| 700 | 1 |
_aMargalef Llambrich, Ramón. _976609 |
|
| 852 |
_aES-MaACL _jC-39744 _bR.74050 |
||
| 999 |
_c52873 _d52873 |
||